| 000 | 00694nam a2200205Ii 4500 | ||
|---|---|---|---|
| 003 | JO-AjNU | ||
| 008 | 230606s9999||||xx |||||||||||||| ||und|| | ||
| 020 | _a978-1-8470-6338-0(hardback) , 978-1-8470-6339-7(Paperback) | ||
| 040 |
_aJO-AjNU _beng _erda _cJO-AjNU |
||
| 041 | _aeng | ||
| 050 | 1 | 4 | _aPR6013.R44 2010 |
| 100 | 3 |
_aBrennan, Michael, _eauthor _92503 |
|
| 245 | 0 | 0 | _aGraham Greene Fiction , Faith and Authorship |
| 264 | 3 | 1 | _aNew York: Continuum International Publishing Group, 2010 |
| 300 | _a173P | ||
| 336 |
_atext _btxt _2rdacontent |
||
| 337 |
_aunmediated _bn _2rdamedia |
||
| 338 |
_avolume _bnc _2rdacarrier |
||
| 650 | 4 |
_aFiction , Faith and Authorship - Graham Greene _92504 |
|
| 999 |
_aE1310 _c1310 _d1310 |
||